Integration of salesforce.com and Collabobase (Record no. 9115)
[ view plain ]
| 000 -LEADER | |
|---|---|
| fixed length control field | 00506 a2200133 4500 |
| 082 ## - DEWEY DECIMAL CLASSIFICATION NUMBER | |
| Classification number | BIT-4 |
| 100 ## - MAIN ENTRY--PERSONAL NAME | |
| Personal name | Omar Altaf |
| 9 (RLIN) | 93307 |
| 245 ## - TITLE STATEMENT | |
| Title | Integration of salesforce.com and Collabobase |
| Statement of responsibility, etc. | Omar Altaf |
| 260 ## - PUBLICATION, DISTRIBUTION, ETC. | |
| Place of publication, distribution, etc. | Islamabad, |
| Name of publisher, distributor, etc. | NUST School of Electrical Engineering & Computer Science, |
| Date of publication, distribution, etc. | 2006. |
| 300 ## - PHYSICAL DESCRIPTION | |
| Extent | viii, 49 p. : |
| Other physical details | ill. ; |
| Dimensions | 27 cm. + |
| Accompanying material | CD-ROM |
| 500 ## - GENERAL NOTE | |
| General note | Supervisors : Wg. Cdr. Ramzan, Mr. Saad Liaquat Khan. |
| 856 ## - ELECTRONIC LOCATION AND ACCESS | |
| Uniform Resource Identifier | <a href="http://10.250.8.41:8080/xmlui/handle/123456789/29118">http://10.250.8.41:8080/xmlui/handle/123456789/29118</a> |
| 942 ## - ADDED ENTRY ELEMENTS (KOHA) | |
| Koha item type | Project Report |
| Call number prefix | BIT-4 OMA |
| Source of classification or shelving scheme | |
| Withdrawn status | Lost status | Damaged status | Not for loan | Collection code | Permanent Location | Current Location | Shelving location | Date acquired | Full call number | Barcode | Date last seen | Price effective from | Koha item type |
|---|---|---|---|---|---|---|---|---|---|---|---|---|---|
| WITHDRAWN | Central Library (CL) | Central Library (CL) | General Stacks | 06/07/2014 | BIT-4 OMA | SEECSP00259 | 11/14/2012 | 01/05/2017 | Project Report |
